000
00293nam a22001337a 4500
008
170213b xxu||||| |||| 00| 0 eng d
020
_a
0070496080
041
_a
eng
080
_2
10ED
_a
61
100
_a
4
101
_a
ASHM
245
_a
PRINCIPLES INTERNAL MEDICINE
_c
ADAMS
942
_2
udc
_c
BK
999
_c
5283
_d
5283